| 000 | 00603nam a2200193 4500 | ||
|---|---|---|---|
| 001 | 139357 | ||
| 003 | ES-MaACL | ||
| 007 | t| | ||
| 008 | 070214s1985 sp r ||||1| spa d | ||
| 100 | 1 |
_aScruton, Roger. _9104969 |
|
| 245 | 1 | 3 |
_aLa estética de la Arquitectura / _cRoger Scruton ; versión de Jesús Fernández Zulaica. |
| 260 |
_aMadrid : _bAlianza, _c1985. |
||
| 300 |
_a287 p. : _bil. ; _c23 cm. |
||
| 490 | 1 |
_aAlianza forma ; _v51 |
|
| 700 | 1 |
_aFernández Zulaica, Jesús. _950198 |
|
| 830 | 0 | 0 |
_aAlianza forma _v51 _9177869 |
| 852 |
_aES-MaACL _jL-8812 _bR.110504 |
||
| 999 |
_c139357 _d139357 |
||